000 00342nam a22001457a 4500
003 SGT
020 _a0706912780
082 _a070
_bI81K
100 _aKARKHANIS, SHARAD
245 _aINDIAN POLITICS AND THE ROLE OF THE PRESS
260 _bVIKAS PUBLISHING HOUSE PVT. LTD.
_c1981
300 _a216
650 _aJOURNALISM
942 _2ddc
_cBK
999 _c28587
_d28587